Eleuterokok tŕnistý

Saved in:
Bibliographic Details
Main Author: Bobáková, Viktória
Other Authors: Stričík, Michal, 1969-
Format: Book Chapter
Language:Slovak
Tags: Add Tag
No Tags, Be the first to tag this record!

MARC

LEADER 00000naa$a2200000$$$4500
001 0055642
005 20240502071632.6
041 0 |a slo 
044 |a SK 
245 1 0 |a Eleuterokok tŕnistý  |c Viktória Bobáková, Michal Stričík 
100 1 |a Bobáková, Viktória 
700 1 |a Stričík, Michal, 1969-